Adaptive control of hydraulic plant using PLC-controllers = Adaptívne riadenie hydraulického systému použitím PLC-regulátorov
Na minha lista:
| Autor principal: | |
|---|---|
| Outros Autores: | |
| Formato: | Manuscrito Livro |
| Idioma: | inglês |
| Publicado em: |
Bratislava :
STU v Bratislave FEI,
2000
|
| Tags: |
Sem tags, seja o primeiro a adicionar uma tag!
|
MARC
| LEADER | 00000ntm a22000003a 4500 | ||
|---|---|---|---|
| 001 | stu56039 | ||
| 005 | 20160719164837.2 | ||
| 008 | 010105s2000------------------------eng-d | ||
| 040 | |a STU |b slo | ||
| 041 | 0 | |a eng | |
| 100 | 1 | |a El-Falougy, Haytham |4 aut | |
| 245 | 1 | |a Adaptive control of hydraulic plant using PLC-controllers = Adaptívne riadenie hydraulického systému použitím PLC-regulátorov | |
| 260 | |a Bratislava : |b STU v Bratislave FEI, |c 2000 | ||
| 300 | |a 80 s | ||
| 700 | 1 | |a Bisták, Pavol |4 ths |u E010 |T FEI Ústav riadenia a priemyselnej informatiky |X 3708 |U E010 |Y E010 |7 A000003708 | |